000 00935nam a2200277 a 4500
001 000022870
005 20200930021840.0
008 101119s1989 sp r 000 f spa d
020 _a8432204684
040 _aDO-SdBNP
_bspa
_cBNPHU
082 _a863.62
_bR541n, 1989
100 1 _aRico, Francisco,
_d1942-
_947000
245 1 0 _aLa novela picaresca y el punto de vista /
_cFrancisco Rico.
250 _a4a ed. corr. y aum.
260 _aBarcelona, (España) :
_bEditorial Seix Barral,
_c1989.
300 _a145, [6] p. ;
_c20 cm.
490 1 _aBiblioteca breve
500 _aIncluye datos biográficos del autor en la solapas y contracubiertas.
500 _aIncluye notas al pie de las páginas
504 _aIncluye referencias bibliográficas.
650 4 _aNovela española
_91123
650 4 _aLiteratura española
_9632
650 4 _aLiteratura picaresca
_91124
830 0 _aBiblioteca breve
_913442
049 _aBNGR
999 _c22367
_d22367